Statistics for Name the Italian Maritime Republics

Click here to take the quiz!

General Stats

  • This quiz has been taken 9 times
  • The average score is 5 of 8

Answer Stats

Merchant Republic% Correct
Genoa
100%
Venice
100%
Pisa
88%
Amalfi
50%
Ragusa
50%
Ancona
38%
Noli
38%
Gaeta
25%

Score Distribution

Percentile by Number Answered

Percent of People with Each Score

Your Score History

You have not taken this quiz